000 01167nam a2200349 i 4500
001 8915
003 KOSZ 005
005 20210408120817.0
008 070725s1970 pl a f 001 0 pol
015 _aPB 1970/6542
040 _aWA N
_cWA N
_dKOSZ 005/RW
_dKOSZ 005/HR
046 _k1970
080 _a624.07
100 1 _aJastrzębski, Przemysław
_eAutor
245 1 0 _aKratownice :
_bobliczenia statyczne /
_cPrzemysław Jastrzębski, Roman Solecki, Jerzy Szymkiewicz.
250 _aWyd. 2 zm. i rozsz.
260 _aWarszawa :
_b"Arkady",
_c1970.
300 _a534 s., 1 k. tabl. :
_bil. ;
_c25 cm.
380 _aKsiążki
388 _a1901-2000
388 _a1945-1989
504 _aBibliogr. s. [513]-515. Indeks.
650 4 _aKratownice
650 4 _aMechanika budowli
650 4 _aStatyka budowlana
658 _aArchitektura i budownictwo
700 1 _aSolecki, Roman
_eAutor
700 1 _aSzymkiewicz, Jerzy
_eAutor
710 2 _aWydawnictwo Arkady
_4pbl.
856 _uhttp://koha.tu.koszalin.pl/cgi-bin/koha/opac-detail.pl?biblionumber=8915
_yKatalog online BPK
942 _2UKD
_cKS
999 _c8915
_d8915